Conversaciones en Moscú
Gespeichert in:
| 1. Verfasser: | |
|---|---|
| Format: | Buch |
| Sprache: | Spanisch |
| Veröffentlicht: |
Buenos Aires
Intercontinental
1974
|
| Schriftenreihe: | Tiempo de Fragua
|
| Schlagworte: | |
| Tags: |
Tag hinzufügen
Keine Tags, Fügen Sie den ersten Tag hinzu!
|
MARC
| LEADER | 00000nam a2200000 a 4500 | ||
|---|---|---|---|
| 001 | UCS0056 | ||
| 003 | CL-VaPUC | ||
| 008 | 970418e19740000AG |||||||||||||||||spa|d | ||
| 082 | 0 | 4 | |a 307 |b JAC |2 21 |
| 100 | 0 | |a Jacoby, Susan |e author |9 383118 | |
| 245 | 1 | 0 | |a Conversaciones en Moscú |
| 300 | |a 351 p | ||
| 942 | |c BK | ||
| 945 | |d 19970418 00:00:00 |a rleighto | ||
| 260 | |a Buenos Aires |b Intercontinental |c 1974 | ||
| 650 | 0 | |a Sociedades |9 259052 | |
| 650 | 7 | |a HOMBRE |2 CL-VaPUC |9 262149 | |
| 650 | 0 | |a Cultura |9 269059 | |
| 650 | 0 | |a Historia |9 255047 | |
| 651 | 0 | |a Unión Soviética |9 256769 | |
| 583 | |a last modification |c 19970418 00:00:00 |k Rodrigo Vera | ||
| 490 | 0 | |a Tiempo de Fragua | |
| 999 | |c 258311 |d 258309 | ||
| 952 | |0 0 |1 0 |4 0 |6 307_000000000000000_JAC_1974 |7 0 |8 A |9 282327 |a BIBGIM |b BIBGIM |d 2019-11-19 |i 3276724 |o 307 JAC 1974 |p 3276724 |r 2025-01-15 |w 2019-11-19 |y BK |k GIM | ||